Evaluación de riesgo por incendio de la Biblioteca Carlos Monge Alfaro de la Universidad de Costa Rica
Guardado en:
| 主要作者: | |
|---|---|
| 格式: | 圖書 |
| 出版: |
[San José, Costa Rica]
2010
|
| 主題: | |
| 標簽: |
添加標簽
沒有標簽, 成為第一個標記此記錄!
|
MARC
| LEADER | 00000nam a2200000Ia 4500 | ||
|---|---|---|---|
| 003 | 001655 | ||
| 005 | 20221231144037.0 | ||
| 008 | 140114s2010 cr a 000 ||s d | ||
| 040 | |c cru CEDI | ||
| 090 | |a TFG 6163 | ||
| 100 | |a Salas Solano, Julio |9 3076 | ||
| 245 | |a Evaluación de riesgo por incendio de la Biblioteca Carlos Monge Alfaro de la Universidad de Costa Rica | ||
| 260 | |c 2010 |b [San José, Costa Rica] | ||
| 500 | |a Proyecto de graduación (licenciatura en ingeniería civil)--Universidad de Costa Rica. Facultad de Ingeniería. Escuela de Ingeniería Civil | ||
| 650 | |x EVALUACION DE RIESGOS CONTRA INCENDIOS |x INCENDIOS |x MEDIDAS DE SEGURIDAD |x PERCEPCION DE RIESGOS |x UNIVERSIDAD DE COSTA RICA. BIBLIOTECA CARLOS MONGE ALFARO |x INCENDIOS Y PREVENCION DEL FUEGO |9 3077 | ||
| 942 | |c TFG | ||
| 999 | |c 16052 |d 16052 | ||
